A mirror for cure-takers; (Record no. 90753)

MARC details
000 -LEADER
fixed length control field 00775cam a22002291 4500
001 - CONTROL NUMBER
control field sg 46000136
003 - CONTROL NUMBER IDENTIFIER
control field DLC
005 - DATE AND TIME OF LATEST TRANSACTION
control field 20260227112748.0
008 - FIXED-LENGTH DATA ELEMENTS--GENERAL INFORMATION
fixed length control field 741210s1946 xx 000 0 eng
010 ## - LIBRARY OF CONGRESS CONTROL NUMBER
LC control number sg 46000136
035 ## - SYSTEM CONTROL NUMBER
System control number (OCoLC)1106183
040 ## - CATALOGING SOURCE
Original cataloging agency DLC
Transcribing agency TxU-Da
Modifying agency DLC
042 ## - AUTHENTICATION CODE
Authentication code premarc
050 00 - LIBRARY OF CONGRESS CALL NUMBER
Classification number RC312
Item number .H57
082 ## - DEWEY DECIMAL CLASSIFICATION NUMBER
Classification number 362.196246
100 1# - MAIN ENTRY--PERSONAL NAME
Personal name Holand, Harold,
Relator term ed.
245 12 - TITLE STATEMENT
Title A mirror for cure-takers;
Remainder of title a book about the cure-taking experience,
Statement of responsibility, etc. by Wisconsin people who have felt that experience deeply. Edited by Harold Holand.
260 ## - PUBLICATION, DISTRIBUTION, ETC.
Place of publication, distribution, etc. Milwaukee, Wis.,
Name of publisher, distributor, etc. Wisconsin anti-tuberculosis ass'n
Date of publication, distribution, etc. [1946]
300 ## - PHYSICAL DESCRIPTION
Extent xx, 184 p.
Other physical details illus. (incl. ports)
Dimensions 24 cm.
650 #0 - SUBJECT ADDED ENTRY--TOPICAL TERM
Topical term or geographic name entry element Tuberculosis.
710 2# - ADDED ENTRY--CORPORATE NAME
Corporate name or jurisdiction name as entry element Wisconsin Anti-Tuberculosis Association.

No items available.

Powered by Koha